Guitarists in Metal Bands - Statistics

General Stats
  • This quiz has been taken 194 times
  • The average score is 11 of 30
Answer Stats
Hint Answer % Correct
Kirk Hammett Metallica
98%
Dave Mustaine Megadeth
90%
Tony Iommi Black Sabbath
89%
Kerry King Slayer
89%
Scott Ian Anthrax
76%
Janick Gers Iron Maiden
72%
Glenn Tipton Judas Priest
68%
Chuck Schuldiner Death
59%
Euronymous Mayhem
54%
Rudolf Schenker Scorpions
51%
Varg Vikernes Burzum
49%
Phil Campbell Motörhead
44%
Jeff Waters Annihilator
31%
Wolf Hoffmann Accept
29%
Eric Peterson Testament
29%
Nocturno Culto Darkthrone
28%
Mantas Venom
27%
Jay Jay French Twisted Sister
26%
Bill Steer Carcass / Napalm Death
23%
Ronny Le Tekrø TNT
21%
Criss Oliva Savatage
18%
Paul Quinn Saxon
16%
Piggy Voivod
13%
John Connelly Nuclear Assault
12%
Ivar Bjørnson Enslaved
10%
Mark Gallagher Raven
7%
Eric Meyer Dark Angel
4%
Corporate Death Macabre
4%
Aaron Aedy Paradise Lost
3%
P. Watain
1%
No matching quizzes found
Score Distribution
Percent of People with Each Score
Percentile by Number Answered
Your Score History
You have not taken this quiz